01634nam a2200205Ia 4500001098900000002005000989008003701039010001101076530002201087650001901109650001901128650003701147650002501184650004701209650002501256700003601281700002901317700004001346700004201386IA_The methodology was proposed by the Bank of Mexico through Trusts in Relation to Agriculture (FIRA, 2002), which comprises the following aspects: diagnosis of the area, and raw materials market, social and administrative organization, social and administrative evaluation , technical and engineering studies, financial analysis and environmental impact assessment. For this project, we found a required investment of 3, 257,482.62 and after analyzing its behavior in a 10-year horizon, the financial indicators were: an Internal Rate of Return (IRR) of 69.29% with a Net Present Value (NPV) 15, 986,201.6 and a benefit cost (B / C) 2.37. It was determined through a sensitivity analysis that even if total costs increase or to decrease total revenue by 5, 10 and 15%, the value of the IRR and NPV in project evaluation are still acceptable. Finally concluded that the installation and commissioning of this project is technically, economically, socially and environmentally feasible.ANALISIS ECONOMICO PARA EL ESTABLECIMIENTO DE UNA220117s xx 000 0 und d a184127 aDisponible en PDF aCoffee beans  aEdible fungi  0aEntrepreneurshipzMexicozPuebla aHongos comestibles  0aIniciativa empresarialzMéxicozPuebla  aSemillas de café  aAsencio Rivera, Rogelio, asesor1 aPonce Hernández, Pedro aSzymanski Duque, Guadalupe, asesor  aZenteno Cruz, Cristal Natali, coaut.